000 00906nam a2200253Ia 4500
003 OSt
005 20221005111906.0
006 a|||||r|||| 00| 0
007 ta
008 221004b |||||||| |||| 00| 0 hin d
024 _a23970
037 _cTextual
040 _aCRL
_cCRL
_bhin
041 _2hin
_ahin
082 _aR66,5, K7.2
100 _aशंकराचार्य
245 0 _aब्रह्यसूत्र शांकर भाष्यम्, संपा और अनु0 हनुमादास
246 _aBrahyasūtra shāankar bhāṣhyam, sanpā aur anu0 hanumādāsa
260 _aवाराणसी
_bचौखम्बा विद्याभवन
_c1967
300 _a1076पृ0
_ccm.
650 _aभारतीय दर्शन
942 _hR66,5, K7.2
_cTEXL
_2cc
999 _c1023218
_d1023218